[Event "SRI-chB"]
[Site "Narahenpita"]
[Date "2017.05.12"]
[Round "1"]
[White "Suranjith, KWA"]
[Black "Samaranayake, KPRN"]
[Result "1/2-1/2"]
[WhiteElo "1593"]
[BlackElo "1873"]
[PlyCount "52"]
[EventDate "2017.05.12"]
[EventType "swiss"]
[EventRounds "10"]
[EventCountry "SRI"]
[SourceTitle "CBM 178 Extra"]
[Source "ChessBase"]
[SourceDate "2017.06.22"]
[SourceVersion "1"]
[SourceVersionDate "2017.06.22"]
[SourceQuality "1"]

1. c4 Nf6 2. Nc3 g6 3. e4 d6 4. g3 Bg7 5. Bg2 0-0 6. Nge2 c5 7. 0-0 Nc6 8. h3 Rb8 9. f4 a6 10. Kh2 Nd4 11. a4 Qa5 12. d3 b5 13. Nxd4 cxd4 14. Nd5 Nxd5 15. cxd5 Bd7 16. Bd2 b4 17. b3 Rfc8 18. Rc1 Qb6 19. Qe2 a5 20. h4 Rxc1 21. Rxc1 Rc8 22. Qd1 Qa6 23. Bf1 f5 24. Qe1 Rxc1 25. Qxc1 Qc8 26. Qxc8+ Bxc8 1/2-1/2